this is me trying - Statistics

General Stats
  • This quiz has been taken 214 times
  • The average score is 229 of 260
Answer Stats
Lyrics % Correct
I
100%
is
99%
me
99%
this
99%
trying
99%
a
98%
to
98%
the
97%
you
97%
be
96%
that
96%
an
95%
I'm
95%
And
94%
and
94%
(And
94%
just
94%
know
94%
know,
94%
want
94%
when
94%
all
92%
my
92%
of
92%
wanted
92%
have
91%
At
90%
at
90%
So
90%
so
90%
was
90%
it's
89%
It's
89%
like
89%
but
88%
hard
88%
here
88%
least
88%
They
88%
were
88%
in
87%
didn't
86%
I've
86%
lot
86%
mental
86%
regrets
86%
been
85%
cages
85%
told
85%
your
85%
about
84%
feel
84%
potential
84%
time
84%
got
83%
party
83%
wasted
83%
whiskey
83%
adjusting
82%
became
82%
had
82%
now
82%
up
82%
if
81%
curve,
80%
curve
80%
on
80%
came
78%
car
78%
kill
78%
back
77%
ended
77%
having
77%
rusting
77%
anywhere
76%
pour
76%
ahead
75%
flashback
75%
open
75%
words
75%
you'd
75%
care
74%
they're
74%
wound
74%
days
73%
mad
73%
shiniest
73%
sphere
73%
these
73%
don't
72%
film
72%
what
72%
wheels,
72%
heart
71%
town
71%
You're
71%
down
70%
out
70%
say,
70%
say)
70%
way
70%
shoot
69%
stranger,
69%
behind
68%
classmates
68%
Fell
68%
doorway
67%
reel
67%
screen
66%
one
65%
fears
61%
quite
61%
lookout
59%
pouring
59%
road
59%
Pulled
58%
Could've
56%
off
55%
followed
49%
maybe
48%
No matching quizzes found
Score Distribution
Percent of People with Each Score
Percentile by Number Answered
Your Score History
You have not taken this quiz